Politiker im Bundestag - AfD - Statistiken

Allgemein
  • Dieses Quiz wurde 214 mal gespielt
    183 seit der letzten Aktualisierung
  • Das Durchschnittsergebnis liegt bei 11 aus 87
Antwortstatistiken
Bildquiz Hint Antwort % Korrekt
Alice Weidel
95%
Alexander Gauland
77%
Beatrix von Storch
74%
Tino Chrupalla
72%
Bernd Baumann
56%
Stephan Brandner
56%
Gottfried Curio
45%
Albrecht Glaser
34%
Markus Frohnmaier
28%
Karsten Hilse
24%
Petr Bystron
24%
Kay Gottschalk
23%
Jens Maier
21%
Lothar Maier
20%
Peter Boehringer
19%
Armin-Paul Hampel
17%
Hansjörg Müller
17%
Jürgen Braun
17%
Martin Sichert
17%
Joana Cotar
16%
Götz Frömming
15%
Jürgen Pohl
13%
Leif-Erik Holm
13%
Mariana Harder-Kühnel
13%
Nicole Höchst
13%
Rüdiger Lucassen
13%
Thomas Seitz
13%
Corinna Miazga
11%
Steffen Kotre
11%
Dirk Spaniel
10%
Rainer Kraft
10%
Detlev Spangenberg
9%
Enrico Komning
9%
Marc Bernhard
9%
Martin Reichardt
7%
Michael Espendiller
7%
Norbert Kleinwächter
7%
Jörg Schneider
6%
Rene Springer
6%
Marc Jongen
5%
Martin Hohmann
5%
Gerold Otten
4%
Ulrike Schielke-Ziesing
4%
Uwe Schulz
4%
Volker Münz
4%
Wolfgang Wiehle
4%
Berengar Elsner von Gronow
3%
Christian Wirth
3%
Frank Magnitz
3%
Franziska Gminder
3%
Harald Weyel
3%
Jan Nolte
3%
Jochen Haug
3%
Jörn König
3%
Marcus Bühl
3%
Martin Hess
3%
Matthias Büttner
3%
Paul Podolay
3%
Robby Schlund
3%
Sebastian Münzenmaier
3%
Stephan Protschka
3%
Udo Hemmelgarn
3%
Uwe Witt
3%
Wilhelm von Gottberg
3%
Andreas Bleck
2%
Andreas Mrosek
2%
(zweiter von links) Anton Friesen
2%
Dietmar Friedhoff
2%
Fabian Jacobi
2%
Jens Kestner
2%
Thomas Ehrhorn
2%
Ulrich Oehme
2%
Axel Gehrke
1%
Birgit Malsack-Winkemann
1%
Heiko Heßenkemper
1%
Martin Hebner
1%
Martin Renner
1%
Peter Felser
1%
Roland Hartwig
1%
Roman Reusch
1%
Tobias Peterka
1%
Waldemar Herdt
1%
Bruno Hollnagel
0%
Christoph Neumann
0%
Heiko Wildberg
0%
Johannes Huber
0%
Siegbert Droese
0%
Keine übereinstimmenden Quizze gefunden
Verteilung der Resultate
Anzahl Personen mit jedem Resultat
Perzentil nach korrekt beantworteten Fragen
Ihre Resultats-Entwicklung
Sie haben dieses Quiz seit der letzten Aktualisierung nicht gespielt